000 00363nam a2200145Ia 4500
008 191201s2008 xx 000 0 und d
082 _a621.3104
_bRAE
100 _aRAJU, G.S.N
245 0 _aElectromagnetic Field Theory and Transmission Lines
250 _a2nd
260 _aN.Delhi
_bPearson
_c2008
300 _a584
650 _aB.Tech(ECE)
942 _2ddc
_cBK
999 _c3546
_d3546